Statistiques concernant Pays les plus visités par les japonais

Cliquez ici pour prendre le quiz!

Statistiques générales

  • Ce quiz a été pris 4,440 fois
  • Le résultat moyen est 11 sur 15

Statistiques - réponses

Voyageurs Pays % Correct
730 000France
99%
6 100 000Etats-Unis
98%
5 200 000Chine
97%
360 000Espagne
86%
350 000Australie
84%
350 000Italie
84%
3 500 000Corée du Sud
82%
730 000Allemagne
79%
1 400 000Thaïlande
73%
450 000Indonésie
70%
580 000Viêt Nam
67%
410 000Philippines
54%
1 400 000Taïwan
53%
470 000Malaisie
52%
760 000Singapour
43%

Distribution des résultats

Percentile by Number Answered

% des personnes avec chaque résultat

Votre développement - résultats

Vous n’avez pas pris ce quiz